000 00680nam a2200229Ia 4500
003 OSt
005 20220925174231.0
006 a|||||r|||| 00| 0
007 ta
008 220923b |||||||| |||| 00| 0 eng d
037 _cGeneral Book
040 _aRTL
_cRTL
_beng
041 _2eng
_aeng
082 _aB28,d.2.P0r, P1/GD
110 _aIndian statistical institute.
_9129511
245 0 _aAnnual report April 1999-March 2000.
260 _aCalcutta
_bIndian statistical institute.
_c2000
300 _aiii; 183p.
_ccm.
700 _aIndian statistical institute.
_9129512
942 _hB28,d.2.P0r, P1/GD
_cGB
_2CC
999 _c490349
_d490349